Xây dựng hệ thống câu hỏi nhiều lựa chọn để dạy học chương 2,3 "Cảm ứng, sinh trưởng và phát triển" sinh học 11 Luận văn thạc sĩ khoa học giáo dục. Chuyên ngành: Lý luận và phương pháp dạy học sinh học. Mã số: 60.14.10

Đã lưu trong:
Sonraí Bibleagrafaíochta
Príomhúdar: Nguyễn, Thị Kiều Lê
Údair Eile: Vũ, Đình Luận (Hướng dẫn)
Formáid: Luận văn Trealamh Leabhar
Teanga:Vietnamese
Foilsithe: Vinh Đại học Vinh 2009
Ábhair:
Clibeanna: Cuir Clib Leis
Gan Chlibeanna, Bí ar an gcéad duine leis an taifead seo a chlibeáil!
Thư viện lưu trữ: Trung tâm Học liệu Lê Vũ Hùng, Trường Đại học Đồng Tháp
LEADER 01464ppm a22003378a 4500
001 00031292
005 20171026081025.0
008 131115s2009 ||||||viesd
041 0 # |a vie 
082 1 4 |b X126D  |a 571.07 
100 1 # |a Nguyễn, Thị Kiều Lê 
245 0 0 |a Xây dựng hệ thống câu hỏi nhiều lựa chọn để dạy học chương 2,3 "Cảm ứng, sinh trưởng và phát triển" sinh học 11  |b Luận văn thạc sĩ khoa học giáo dục. Chuyên ngành: Lý luận và phương pháp dạy học sinh học. Mã số: 60.14.10  |c Nguyễn Thị Kiều Lê; Vũ Đình Luận (hướng dẫn) 
260 # # |a Vinh  |b Đại học Vinh  |c 2009 
300 # # |c 30cm.  |e bản tóm tắt  |a 88 tr + phụ lục. 
500 # # |a ĐTTTS ghi: Bộ giáo dục và đào tạo. Trường Đại học Vinh 
653 # # |a Hệ thống câu hỏi 
653 # # |a Dạy học sinh học 
653 # # |a Luận văn 
653 # # |a quản lý giáo dục 
653 # # |a khoa học giáo dục 
653 # # |a Trung học phổ thông 
653 # # |a Sinh học 
653 # # |a Sinh lý học 
700 1 # |a Vũ, Đình Luận  |e Hướng dẫn 
852 # # |b Kho đọc SĐH  |j LV.0000388 
852 # # |j LV.0000388 
910 |d 15/11/2013 
980 # # |a Trung tâm Học liệu Lê Vũ Hùng, Trường Đại học Đồng Tháp